01056nam a2200253 a 450000100060000000300080000600500170001400800390003103500190007004000320008904100080012108200250012910000270015424500720018126000420025330000340029550400510032965000740038070000250045494200120047999900170049195201450050895201490065333716BD-RjUL20211209052040.0140511s1983 ii a b 001 0 eng a(BD-RjUL)33807 aDLCcDLCdDLCdBD-RjULbeng aeng00a303.36219bKOA 1983 aKool, Vinod K.910237600aAuthoritarianism across cultures /c by Vinod K. Kool, John J. Ray. aBombay :bHimalaya Pub. House,c1983. axvi, 198 p. :bill. ;c23 cm. aIncludes bibliographical references and index. 0aAuthoritarianism (Personality trait)xCross-cultural studies.91023771 aRay, John J.9102378 2ddccBK c33716d33716 00102ddc40708NFICaRUCLbRUCLcStackd1986-06-28eDhaka, Karim Int.g80.00l0o303.36 KOA 1983r2014-05-11 00:00:00tC-2w2014-05-11yBK 00102ddc40718NFICaRUCLbRUCLcReadingd1986-06-28eKarim internationalg80.00l0o303.36 KOA 1983r2014-05-11 00:00:00tC-1w2014-05-11yBK